Euroopan kaupungit kirjaimittain - C - Statistics

Yleistilastot
  • Tätä visaa on pelattu 34 kertaa
  • Keskiarvotulos 5 / 20
Vastaukset kartalla
Vastauksille on annettu kartalla punavihreä väri sen mukaan, kuinka moni on saanut sen oikein.
 
Vastaustilastot
% Oikein
Moldova Chișinău 567 038 47 28.916667
93%
Irlanti Cork 222 526 51.897222 -8.47
67%
Iso-Britannia Cardiff 348 546 51.485278 -3.186667
59%
Italia Catania 297 517 37.5 15.090278
56%
Italia Cagliari 146 627 39.246389 9.0575
52%
Italia Como 83 228 45.816667 9.083333
48%
Iso-Britannia Cambridge 152 725 52.208 0.123
33%
Romania Cluj-Napoca 286 598 46.766667 23.583333
26%
Espanja Córdoba 324 159 37.883333 -4.766667
26%
Iso-Britannia Coventry 344 322 52.408056 -1.510556
26%
Saksa Chemnitz 245 618 50.833333 12.916667
19%
Romania Constanța 263 688 44.166667 28.633333
15%
Belgia Charleroi 205 763 50.4 4.433333
11%
Portugali Coimbra 106 655 40.211183 -8.429156
11%
Romania Călărași 278 450 44.2 27.333333
4%
Ranska Clermont-Ferrand 146 351 45.7831 3.0824
4%
Romania Caraș-Severin 242 118 45.15 22.07
0%
Espanja Castellón de la Plana 183 709 39.97 -0.05
0%
Sveitsi Crans-Montana 10 496 46.311944 7.482222
0%
Puola Częstochowa 205 969 50.8 19.116667 Cagliari 39.246389 9.0575 4 cagliari Călărași 44.2 27.333333 4 calarasi Cambridge 52.208 0.123 4 cambridge Caraș-Severin 45.15 22.07 4 caras-severin Cardiff 51.485278 -3.186667 4 cardiff Castellón de la Plana 39.97 -0.05 4 castellon-de-la-plana Catania 37.5 15.090278 4 catania Charleroi 50.4 4.433333 4 charleroi Chemnitz 50.833333 12.916667 4 chemnitz Chișinău 47 28.916667 4 chisinau Clermont-Ferrand 45.7831 3.0824 4 clermont-ferrand Cluj-Napoca 46.766667 23.583333 4 cluj-napoca Coimbra 40.211183 -8.429156 4 coimbra Como 45.816667 9.083333 4 como Constanța 44.166667 28.633333 4 constanta Córdoba 37.883333 -4.766667 4 cordoba Cork 51.897222 -8.47 4 cork Coventry 52.408056 -1.510556 4 coventry Crans-Montana 46.311944 7.482222 4 crans-montana Częstochowa 50.8 19.116667 4 czestochowa
0%
Ehtoja vastaavia visoja ei löytynyt
Tulosjakauma
Jokaisen tuloksen saaneiden osuus
Persentiili vastausten määrän mukaan
Tuloshistoriasi
Et ole pelannut tätä visaa